000 00368nam a2200145Ia 4500
008 230917s9999||||xx |||||||||||||| ||und||
040 _e18263
_aMAIN
041 _aEnglish
082 _a531 T775F
100 _aTriesde
245 0 _aFirst course in rational continuum mechanics
260 _aNew York
_bAcademic Press
_c1977
300 _axxiii,280 p.
942 _cBK
999 _c190829
_d190829